10 Most Populous Cities in Louisiana - Statistics

General Stats
  • This quiz has been taken 17 times
  • The average score is 6 of 10
Answer Stats
Population City % Correct
357,767 New Orleans
100%
217,342 Baton Rouge
93%
174,996 Shreveport
86%
121,471 Lafayette
71%
77,884 Lake Charles
71%
42,920 Alexandria
57%
62,749 Bossier City
43%
46,285 Monroe
43%
31,196 Houma
36%
62,346 Kenner
36%
No matching quizzes found
Score Distribution
Percent of People with Each Score
Percentile by Number Answered
Your Score History
You have not taken this quiz